000
00199 a2200097 4500
020
_a
978-1930332669
041
_a
spa
100
_a
Pope Osborne, Mary
245
_a
La noche de los ninjas
942
_c
BK
999
_c
13062
_d
13062